Animes Par Emojis - Statistiques

Statistiques générales
  • Ce quiz a été pris 458 fois
    294 depuis la dernière actualisation
  • Le résultat moyen est 8 sur 16
Statistiques - réponses
Emojis Mangas % Correct
📓☠️✍🏻 Death Note
94%
👒☠️💪🏻 One Pièce
90%
👊🏻🦸🏻🧑🏻‍🦲 One Punch Man
90%
🗡️👿👺 Démon Slayer
89%
🥷🏻🟡🏫 Naruto
74%
🏐🤏🏻🟠 Haikyuu !!
70%
🏫🟢👊🏻 My héro Academia
67%
🔥🧚🏻👊🏻 Fairy Tail
61%
👻🗡️🟠 Bleach
47%
☁️🔮🌌 Dragon ball Z
44%
🦾🤖🐕 Fullmetal Alchemist
42%
🗡️🏇🏻💉 L'attaque Des Titans
31%
⚽🧤🇧🇷 Olive Et Tom
29%
📈🧌💪 Solo Leveling
11%
🔪🐙🏫 Assassination Classeroom
9%
☝🏻🍴👹 Jujutsu Kaysen
0%
Aucun quiz correspondant
Distribution des résultats
% des personnes avec chaque résultat
Percentile par nombre de réponses
Votre historique - résultats
Vous n’avez pas pris ce quiz depuis la dernière actualisation